Innovations and Innovative Potential in the Context of New Trends in Business Management in Slovakia

Definícia inovácie a inovačného potenciálu. Identifikácia inovácií a inovačného potenciálu v podnikovom manažmente odrážajúce súčasné zmeny a výzvy v prostredí. Posúdenie významu inovácií a inovačného potenciálu pre slovenské spoločnosti.

Salvato in:
Dettagli Bibliografici
Autore principale: Čambalíková, Andrea, 1990-
Altri autori: Richnák, Patrik, 1988-
Natura: Capitolo di libro
Lingua:inglese
Soggetti:
Tags: Aggiungi Tag
Nessun Tag, puoi essere il primo ad aggiungerne!!

MARC

LEADER 00000naa a2200000 4500
001 0276714
005 20241128131104.7
041 0 |a eng 
044 |a BG 
245 1 0 |a Innovations and Innovative Potential in the Context of New Trends in Business Management in Slovakia  |c Andrea Čambalíková, Patrik Richnák 
520 |a Definícia inovácie a inovačného potenciálu. Identifikácia inovácií a inovačného potenciálu v podnikovom manažmente odrážajúce súčasné zmeny a výzvy v prostredí. Posúdenie významu inovácií a inovačného potenciálu pre slovenské spoločnosti. 
610 2 0 |a inovácia 
610 2 0 |a manažment 
610 2 0 |a podnik 
610 2 0 |a spoločnosť 
610 2 0 |a obchod 
610 2 0 |a Slovensko 
100 1 |a Čambalíková, Andrea, 1990- 
700 1 |a Richnák, Patrik, 1988-